[Event "Aeroflot Open B"]
[Site "Moscow RUS"]
[Date "2005.02.15"]
[Round "1"]
[White "Belozerov,A"]
[Black "Ulko,J"]
[Result "1-0"]
[WhiteElo "2546"]
[BlackElo "2464"]

1.d4 Nf6 2.c4 g6 3.Nc3 Bg7 4.e4 d6 5.Nf3 O-O 6.Be2 e5 7.Be3 Ng4 8.Bg5 f6
9.Bc1 Nc6 10.d5 Ne7 11.h3 Nh6 12.h4 Nf7 13.h5 c5 14.hxg6 hxg6 15.Bd2 a6 16.a4 b6
17.Ra3 Bd7 18.Nh4 Qc8 19.g3 Ra7 20.Bd3 Qe8 21.Qf3 f5 22.Nxg6 Nxg6 23.Qh5 Nfh8
24.exf5 e4 25.Qh7+ Kf7 26.fxg6+ Nxg6 27.Nxe4 Rh8 28.Bc3 Rxh7 29.Rxh7 Kf8
30.Rxg7 Ne5 31.Rg8+ Kxg8 32.Nf6+ Kf8 33.Nxe8 Nxd3+ 34.Kd2 Nxb2 35.Nxd6 Nxa4
36.Bf6 b5 37.Ra1 Nb6 38.cxb5 Bxb5 39.Rh1 Nc4+ 40.Nxc4 Bxc4 41.Rh8+ Kf7 42.Rh7+ Kxf6
43.Rxa7 Ke5 44.Kc3 Bb5 45.g4 Kxd5 46.g5 Be8 47.Rxa6 Ke5 48.Rf6  1-0

[Event "XI Open"]
[Site "Coria del Rio BRA"]
[Date "2005.02.17"]
[Round "8"]
[White "Komljenovic,D"]
[Black "Razmyslov,A"]
[Result "1-0"]
[WhiteElo "2492"]
[BlackElo "2307"]

1.d4 Nf6 2.c4 g6 3.Nc3 Bg7 4.e4 d6 5.Be2 O-O 6.Nf3 e5 7.d5 a5 8.Bg5 Na6 9.Nd2 Qe8
10.a3 Bd7 11.b3 h5 12.Rb1 c5 13.Nb5 Qe7 14.Rg1 Rfc8 15.h3 Qf8 16.g4 hxg4
17.hxg4 Nh7 18.Be3 f6 19.Nf3 Nc7 20.Nxc7 Rxc7 21.Qd2 Qe8 22.Bd3 b5 23.cxb5 Bxb5
24.Bxb5 Qxb5 25.a4 Qa6 26.Qe2 c4 27.Rc1 Qb7 28.Rxc4 Rac8 29.Nd2 Rxc4 30.bxc4 Qb4
31.c5 dxc5 32.Qc4 Rb8 33.Ke2 Nf8 34.Qc2 Qb7 35.Qxc5 Qa6+ 36.Kf3 Qd3 37.Qc4 Qxc4
38.Nxc4 Rb4 39.Nb6 Rb3 40.Ke2 Rb2+ 41.Kd3 Rb3+ 42.Kc2 Rb4 43.f3  1-0

[Event "Aeroflot Open B"]
[Site "Moscow RUS"]
[Date "2005.02.17"]
[Round "3"]
[White "Novikov,S"]
[Black "Lahno,Kateri"]
[Result "0-1"]
[WhiteElo "2514"]
[BlackElo "2454"]

1.c4 Nf6 2.Nf3 g6 3.Nc3 Bg7 4.e4 d6 5.d4 O-O 6.Be2 Na6 7.O-O e5 8.Be3 Ng4
9.Bg5 Qe8 10.dxe5 dxe5 11.h3 f6 12.Bd2 Nh6 13.c5 Nxc5 14.Qc1 Nf7 15.Nd5 Ne6
16.Nxc7 Nxc7 17.Qxc7 Nd8 18.Bc4+ Be6 19.Bxe6+ Qxe6 20.Rfc1 Rf7 21.Qc4 Rd7
22.b4 a6 23.a4 Qxc4 24.Rxc4 Nf7 25.Re1 Nd6 26.Rc5 Bf8 27.Re2 b5 28.Be1 Nc4
29.Rc6 Rd6 30.Rc7 Rd1 31.Kh2 Nd6 32.a5 Nc4 33.Nd2 Rxe1 34.Rxe1 Nxd2 35.Rec1 Bxb4
36.R1c6 Nxe4 37.f3 Nd6 38.Rd7 Ne8  0-1

[Event "Aeroflot Open B"]
[Site "Moscow RUS"]
[Date "2005.02.17"]
[Round "3"]
[White "Ibrahimov,R"]
[Black "Moradiabadi,E"]
[Result "1/2-1/2"]
[WhiteElo "2501"]
[BlackElo "2439"]

1.Nf3 g6 2.c4 Bg7 3.d4 Nf6 4.Nc3 O-O 5.e4 d6 6.Be2 Na6 7.O-O e5 8.Be3 Ng4
9.Bg5 Qe8 10.c5 dxc5 11.Nd5 h6 12.Bh4 c6 13.Ne7+ Kh8 14.Bxa6 bxa6 15.Nxc8 Rxc8
16.h3 Nf6 17.Bxf6 Bxf6 18.dxc5 Rb8 19.b3 Kg7 20.Qd2 Qe7 21.Rac1 Rb5 22.Rc4 Rxc5
23.Rfc1 Rd8 24.Qe2 Rxc4 25.Rxc4 Qb7 26.g3 Rd6 27.Kg2 Qb6 28.Qc2 Re6 29.Qc3 Qb5
30.Qe3 Qb6 31.Qc3 Qb5 32.Qe3 Qb6 33.Qc3  1/2-1/2

[Event "Open"]
[Site "Portsmouth ENG"]
[Date "2005.02.18"]
[Round "1"]
[White "Lock,G"]
[Black "Lappage,J"]
[Result "1/2-1/2"]
[WhiteElo "2182"]
[BlackElo "2173"]

1.Nf3 Nf6 2.c4 g6 3.Nc3 Bg7 4.e4 d6 5.d4 O-O 6.Be2 e5 7.O-O exd4 8.Nxd4 Re8
9.f3 Nc6 10.Be3 Nh5 11.Qd2 f5 12.Rfd1 Nf6 13.exf5 Qe7 14.Bf2 Nxd4 15.Bxd4 Bxf5
16.Bf1 a6 17.Rac1 Qf7 18.Nd5 Be6 19.Nxf6+ Bxf6 20.b3 Rad8 21.Bxf6 Qxf6 22.Qf2 c5
23.Bd3 Re7 24.Be4 Bf7 25.Rd2 Kg7 26.Rcd1 b5 27.Bd5 Bxd5 28.Rxd5 bxc4 29.bxc4 Qc3
30.Qd2 Qxc4 31.Rxd6 Rxd6 32.Qxd6 Qe2 33.Rf1 c4 34.Qd4+ Kf7 35.Qh8 Ke6 36.Qc8+ Kd6
37.Qxa6+ Kc5  1/2-1/2

[Event "Aeroflot Open B"]
[Site "Moscow RUS"]
[Date "2005.02.19"]
[Round "5"]
[White "Halkias,S"]
[Black "Maze,S"]
[Result "1-0"]
[WhiteElo "2533"]
[BlackElo "2455"]

1.d4 g6 2.c4 Nf6 3.Nc3 Bg7 4.e4 d6 5.Nf3 O-O 6.Be2 e5 7.Be3 c6 8.d5 Na6 9.O-O Ng4
10.Bg5 f6 11.Bh4 c5 12.Ne1 Nh6 13.Nd3 Bd7 14.a3 Qc8 15.Nb5 Nf7 16.b4 h6 17.Rc1 Nc7
18.a4 h5 19.f4 Nxb5 20.axb5 exf4 21.Nxf4 Ne5 22.Be1 f5 23.exf5 gxf5 24.Bc3 Qe8
25.Bxe5 Bxe5 26.Ne6 Bxe6 27.dxe6  1-0

[Event "Aeroflot Open B"]
[Site "Moscow RUS"]
[Date "2005.02.19"]
[Round "5"]
[White "Tunik,G"]
[Black "Guliev,S"]
[Result "0-1"]
[WhiteElo "2477"]
[BlackElo "2481"]

1.d4 Nf6 2.c4 g6 3.Nc3 Bg7 4.e4 d6 5.Nf3 O-O 6.Be2 e5 7.Be3 Ng4 8.Bg5 f6
9.Bh4 Nc6 10.d5 Ne7 11.Nd2 h5 12.h3 Nh6 13.g4 g5 14.Bg3 h4 15.Bh2 c5 16.a3 Ng6
17.f3 Nf4 18.Bf1 b6 19.Bg1 a6 20.Rh2 Bd7 21.b4 Qc7 22.Nb3 Nf7 23.Rb1 Rfc8
24.Rc2 Bf8 25.Qd2 Be7 26.Be3 Rcb8 27.Nd1 Nh8 28.Kf2 Nhg6 29.Kg1 Kg7 30.Bf2 Kh7
31.Ne3 Bf8 32.Nc1 Ra7 33.Kh2 Be8 34.Nf5 Rab7 35.Na2 Bd7 36.Nc3 Kg8 37.Rcb2 Nh8
38.a4 Nf7 39.Rb3 Bc8 40.R1b2 Bd7 41.Qd1 Nd8 42.Qb1 Bc8 43.a5 bxa5 44.bxc5 dxc5
45.Rxb7 Rxb7 46.Rxb7 Qxb7 47.Qxb7 Nxb7 48.Be3 Bd7 49.Bc1 a4 50.Kg1 Na5 51.Kf2 Nb3
52.Bxf4 exf4 53.Bd3 Kf7 54.Bc2 Na5 55.Nxa4 Nxc4 56.Nc3 Nb6 57.e5 Bxf5 58.gxf5 c4
59.Ne4 Nxd5 60.exf6 Bb4 61.Ba4 Nxf6 62.Nxg5+ Ke7 63.Ke2 Nd5 64.Ne4 Nc3+ 65.Nxc3 Bxc3
66.Kd1 Kd6 67.Kc2 Bf6  0-1

[Event "Aeroflot Open B"]
[Site "Moscow RUS"]
[Date "2005.02.19"]
[Round "5"]
[White "Psakhis,L"]
[Black "Kalegin,E"]
[Result "1-0"]
[WhiteElo "2545"]
[BlackElo "2468"]

1.Nf3 Nf6 2.c4 g6 3.Nc3 Bg7 4.e4 d6 5.d4 O-O 6.Be2 e5 7.O-O Nbd7 8.Qc2 c6
9.Rd1 Re8 10.d5 c5 11.Bg5 h6 12.Bd2 Kh8 13.a3 Ng8 14.g3 Rf8 15.b4 b6 16.Rab1 Ne7
17.Nh4 Nf6 18.bxc5 bxc5 19.f3 Nfg8 20.Kh1 f5 21.exf5 Bxf5 22.Nxf5 Nxf5 23.g4 Nd4
24.Qxg6 Nxe2 25.Nxe2 Rxf3 26.Ng3 Qf6 27.Qe4 Ne7 28.g5 hxg5 29.Bxg5 Qf7 30.Rf1  1-0

[Event "Extraliga CZE 2004-5"]
[Site "Czech Rep CZE"]
[Date "2005.02.20"]
[Round "7"]
[White "Jedynak,R"]
[Black "Sergeev,Vl"]
[Result "1/2-1/2"]
[WhiteElo "2401"]
[BlackElo "2438"]

1.d4 Nf6 2.c4 d6 3.Nf3 Nbd7 4.Nc3 g6 5.e4 e5 6.Be2 Bg7 7.O-O O-O 8.d5 Nc5
9.Nd2 a5 10.Rb1 Bh6 11.Qc2 Kh8 12.Nb3 Bxc1 13.Rbxc1 Qe7 14.Nxc5 dxc5 15.b3 Ne8
16.a3 Bd7 17.Rb1 b6 18.g3 Nd6 19.Bd3  1/2-1/2

[Event "Aeroflot Open B"]
[Site "Moscow RUS"]
[Date "2005.02.21"]
[Round "7"]
[White "Sundararajan,K"]
[Black "Guliev,S"]
[Result "1-0"]
[WhiteElo "2473"]
[BlackElo "2481"]

1.d4 Nf6 2.c4 g6 3.Nc3 Bg7 4.e4 d6 5.Nf3 O-O 6.Be2 e5 7.Be3 c6 8.d5 cxd5
9.cxd5 a6 10.O-O Nbd7 11.Nd2 Ne8 12.a4 f5 13.f3 a5 14.Nc4 b6 15.Rb1 Ba6 16.Na3 Bxe2
17.Qxe2 Rc8 18.Nab5 Nc5 19.Na7 Rc7 20.Nc6 Qh4 21.b4 axb4 22.Rxb4 Qh5 23.Rxb6 fxe4
24.Bxc5 exf3 25.Rxf3 dxc5 26.Rxf8+ Bxf8 27.Qxh5 gxh5 28.Rb8 Nd6 29.a5 Rc8
30.Rxc8 Nxc8 31.Kf1 c4 32.Ne4 Kg7 33.Ke2 Kg6 34.a6 Kf5 35.Kf3 h4 36.a7 Nb6
37.Na5 c3 38.Nxc3 Na8 39.Ne4 h5 40.Nc4 Bb4 41.Ne3+ Kg6 42.d6 Kf7 43.Nd5 Ba5
44.Ng5+ Ke8 45.Ne6  1-0

[Event "Aeroflot Open B"]
[Site "Moscow RUS"]
[Date "2005.02.23"]
[Round "9"]
[White "Sundararajan,K"]
[Black "Yurtaev,L"]
[Result "1/2-1/2"]
[WhiteElo "2473"]
[BlackElo "2511"]

1.d4 Nf6 2.c4 g6 3.Nc3 Bg7 4.e4 d6 5.Nf3 O-O 6.Be2 e5 7.Be3 exd4 8.Nxd4 Re8
9.f3 c6 10.Bf2 a6 11.O-O b5 12.a3 Bb7 13.Nb3 bxc4 14.Bxc4 a5 15.Qd2 a4 16.Nd4 Nbd7
17.Rad1 Ne5 18.Be2 Qa5 19.Qc2 Bh6 20.b4 axb3 21.Nxb3 Qxa3 22.Ra1 Qb4 23.Na2 Qa4
24.Nc3 Qb4 25.Na2 Qa4 26.Nc3  1/2-1/2

[Event "Aeroflot Open B"]
[Site "Moscow RUS"]
[Date "2005.02.23"]
[Round "9"]
[White "Krivoshey,S"]
[Black "Dyachkov,S"]
[Result "1/2-1/2"]
[WhiteElo "2487"]
[BlackElo "2549"]

1.Nf3 Nf6 2.c4 g6 3.Nc3 Bg7 4.e4 d6 5.d4 O-O 6.Be2 e5 7.O-O Na6 8.Be3 Ng4
9.Bg5 Qe8 10.dxe5 dxe5 11.Nd2 f6 12.Bh4 h5 13.a3 Nc5 14.Nd5 Ne6 15.f3 Nh6
16.b4 c6 17.Ne3 Nf7 18.c5 Bh6 19.Ndc4 Qe7 20.Qc2 b5 21.cxb6 axb6 22.Bf2 Nd4
23.Qb2 Ba6 24.Bd3 Rad8 25.Rfd1 Qe6 26.Bf1 Ng5 27.Kh1 Rb8 28.a4 Bg7 29.b5 cxb5
30.Na3 Kh7 31.Nxb5 Bxb5 32.axb5 f5 33.Bc4 Qd7 34.Bh4 Nge6 35.Bxe6 Qxe6 36.Ra7 fxe4
37.fxe4 Ra8 38.Rxa8 Rxa8 39.Bg3 Ra2 40.Qb4 Re2 41.Re1 Qa2 42.h3 Rxe1+ 43.Qxe1 Qb3
44.Nd5 Qxb5 45.Kh2 Qd3 46.Nxb6 Nc2 47.Qb1 Qxe4 48.Nd7 h4 49.Bxh4 Qc6 50.Qb3 Qxd7  1/2-1/2

[Event "TCh-SWE Elitserien 2004-5"]
[Site "Sweden SWE"]
[Date "2005.02.26"]
[Round "8"]
[White "Akesson,R"]
[Black "Sandstrom,L"]
[Result "1-0"]
[WhiteElo "2467"]
[BlackElo "2357"]

1.d4 Nf6 2.c4 g6 3.Nc3 Bg7 4.e4 d6 5.Be2 O-O 6.Nf3 e5 7.Be3 h6 8.O-O Ng4
9.Bc1 Nc6 10.d5 Ne7 11.Ne1 f5 12.Bxg4 fxg4 13.Nd3 g5 14.c5 Ng6 15.Be3 Nf4
16.Rc1 Rf7 17.b4 h5 18.Nb2 Qf6 19.Nc4 Bd7 20.b5 b6 21.c6 Bc8 22.a4 a5 23.Bxb6 cxb6
24.Nxb6 Rb8 25.Nxc8 Rc7 26.b6 Rcxc8 27.b7 Rc7 28.Nb5 Qe7 29.Qd2  1-0

[Event "XI Anibal Open"]
[Site "Linares ESP"]
[Date "2005.03.04"]
[Round "9"]
[White "Burmakin,V"]
[Black "Candela Perez,J"]
[Result "1-0"]
[WhiteElo "2554"]
[BlackElo "2431"]

1.d4 Nf6 2.c4 g6 3.Nf3 Bg7 4.Nc3 O-O 5.e4 d6 6.Be2 Na6 7.O-O e5 8.Be3 exd4
9.Nxd4 Re8 10.f3 c6 11.Qd2 d5 12.cxd5 cxd5 13.e5 Nd7 14.f4 Nb6 15.Ndb5 Bf8
16.Rad1 Be6 17.Qe1 Nb4 18.Qf2 Nc2 19.Bc5 Bxc5 20.Qxc5 Qe7 21.Qf2 Red8 22.Rd2 Nb4
23.Nd6 Nc6 24.Bf3 f6 25.Nxd5 Nxd5 26.Bxd5 Bxd5 27.Rxd5 fxe5 28.fxe5 Nxe5
29.Qe3 Nc6 30.Qd2 Rf8 31.Re1 Qg7 32.h3 Rad8 33.Kh1 Kh8 34.b4 a6 35.a4 Rd7
36.b5 axb5 37.axb5 Nd8 38.Ne8 Rxd5 39.Qxd5 Qc3 40.Re4 Nf7 41.Kh2 Nh6 42.Qxb7 Nf5
43.Qc7 Qd3 44.Qe5+ Kg8 45.Re1 Qb3 46.g4  1-0

[Event "XI Anibal Open"]
[Site "Linares ESP"]
[Date "2005.03.04"]
[Round "9"]
[White "Javakhishvili,L"]
[Black "Braslavskij,A"]
[Result "0-1"]
[WhiteElo "2456"]
[BlackElo "2296"]

1.d4 Nf6 2.c4 g6 3.Nc3 Bg7 4.e4 d6 5.Nf3 O-O 6.Be2 e5 7.Be3 Ng4 8.Bg5 f6
9.Bh4 h5 10.h3 Nh6 11.dxe5 dxe5 12.Qxd8 Rxd8 13.Nd5 Rxd5 14.cxd5 c5 15.Nd2 g5
16.Bg3 h4 17.Bh2 Nd7 18.f3 Bf8 19.Bg1 b6 20.Bf2 a6 21.g3 hxg3 22.Bxg3 Nf7
23.h4 Bg7 24.Rc1 Rb8 25.Bf2 Nf8 26.b4 cxb4 27.Bxb6 gxh4 28.Ba7 Ra8 29.Be3 Ng6
30.Nc4 Bb7 31.Nb6 Rb8 32.Rc7 Nd6 33.Rg1 Kh7 34.Nd7 Ne8 35.Nxb8 Nxc7 36.d6 Ne6
37.Bc4 Ngf8 38.d7 f5 39.exf5 Nd8 40.Bg5 Bxf3 41.Bxd8 h3 42.Rg3 Bg2 43.Rxg2 hxg2
44.Bb6 Nxd7 45.Nxd7 a5 46.f6 a4 47.fxg7 Kxg7 48.Nxe5  0-1

[Event "Acropolis GM Open"]
[Site "Athens GRE"]
[Date "2005.03.06"]
[Round "1"]
[White "Mastrovasilis,A"]
[Black "Drakopoulos,A"]
[Result "0-1"]
[WhiteElo "2491"]
[BlackElo "2182"]

1.Nf3 Nf6 2.d4 g6 3.c4 Bg7 4.Nc3 O-O 5.e4 d6 6.Be2 e5 7.d5 Na6 8.Nd2 Bh6
9.h4 Nc5 10.h5 Bxd2+ 11.Qxd2 Nfxe4 12.Nxe4 Nxe4 13.Qh6 Qf6 14.Be3 Qe7 15.Bd3 Nc5
16.Bxc5 dxc5 17.hxg6 fxg6 18.Bxg6 Bf5 19.Bxf5 Rxf5 20.O-O Rd8 21.Rae1 Rd6
22.Qh3 Qg5 23.f4 exf4 24.Re8+ Kg7 25.Qc3+ Rdf6 26.Rf3 Kf7 27.Rc8 Rg6 28.Rxc7+ Kg8
29.Rc8+ Kf7 30.Qd2 Qg4 31.Qf2 Kg7 32.Rc7+ Kh6 33.Kf1 Rh5 34.Re7 Rh1+ 35.Ke2 Rh2
36.Kd3 Qf5+ 37.Re4 Rgxg2 38.Qe1 Rd2+ 39.Kc3 Rc2+ 40.Kb3 Rxb2+ 41.Ka3 Rxa2+
42.Kb3 Rhb2+ 43.Kc3 Qf6+ 44.Re5 Rc2+ 45.Kd3 Rd2+ 46.Kc3 Rac2+  0-1

[Event "Acropolis GM Open"]
[Site "Athens GRE"]
[Date "2005.03.06"]
[Round "1"]
[White "Goritsas,C"]
[Black "Socko,B"]
[Result "1/2-1/2"]
[WhiteElo "2244"]
[BlackElo "2591"]

1.d4 Nf6 2.c4 g6 3.Nc3 Bg7 4.e4 d6 5.Nf3 O-O 6.Be2 e5 7.d5 a5 8.Bg5 h6 9.Bh4 g5
10.Bg3 Nh5 11.h4 Nf4 12.hxg5 hxg5 13.Bf1 Bg4 14.Qc2 Na6 15.Nd2 c6 16.f3 Bd7
17.Bf2 g4 18.g3 Ng6 19.fxg4 Bxg4 20.Bh3 Bxh3 21.Rxh3 Nb4 22.Qb1 Qd7 23.Rh2 f5
24.a3 Na6 25.exf5 Rxf5 26.Nde4 Raf8 27.Qd3 Rf3 28.Qe2 Qg4 29.O-O-O Nf4 30.Qc2 cxd5
31.cxd5 Ng6 32.Kb1 Nc7 33.Nxd6 e4 34.Ndxe4 Ne5 35.Rhh1 Nc4 36.Bd4 Rc8 37.Bxg7 Kxg7
38.Nf2 Qg6 39.Qxg6+ Kxg6 40.Nfe4 Rd8 41.Rd4 b5 42.Nxb5 Nxb5 43.Rxc4 Rxd5
44.Nc3 Nxc3+ 45.Rxc3 Rxc3 46.bxc3 Rd3 47.Kc2 Rxg3 48.Rb1 Kf6 49.Rb5 Ke6 50.Rxa5 Kd6
51.Rh5 Kc6 52.Kb3 Rg1 53.a4 Kb6 54.Rh6+ Ka5 55.Rh5+ Kb6 56.Kb4 Rb1+ 57.Kc4 Rg1
58.Rb5+ Kc6 59.Rb2 Rg4+ 60.Kb3 Kb6 61.Rh2 Rg1 62.Rh6+ Ka5 63.Rh5+  1/2-1/2

[Event "Acropolis GM Open"]
[Site "Athens GRE"]
[Date "2005.03.06"]
[Round "1"]
[White "Gershon,A"]
[Black "Zahilas,L"]
[Result "1-0"]
[WhiteElo "2533"]
[BlackElo "2211"]

1.d4 Nf6 2.c4 g6 3.Nc3 Bg7 4.e4 d6 5.Be2 O-O 6.Nf3 e5 7.Be3 Ng4 8.Bg5 f6
9.Bh4 g5 10.Bg3 Nh6 11.h3 exd4 12.Nxd4 Nc6 13.O-O f5 14.Nxf5 Nxf5 15.exf5 Nd4
16.Bg4 Bxf5 17.Nd5 Qd7 18.Re1 Rf7 19.Bh5 Bg6 20.Bxg6 hxg6 21.Re4 Nf5 22.Qd3 Raf8
23.Rae1 c6 24.Nc3 Nxg3 25.Qxg3 Rxf2 26.Qxf2 Rxf2 27.Kxf2 Qf5+ 28.Kg1 Be5
29.Nd1 Qf6 30.Ne3 Bd4 31.Kh2 Be5+ 32.Kh1 Qf2 33.Ng4 Qxb2 34.c5 Qxa2 35.cxd6 Bxd6
36.Re8+ Kg7 37.Rd8 Qd2 38.Re7+  1-0

[Event "FSIMB March"]
[Site "Budapest HUN"]
[Date "2005.03.10"]
[Round "6"]
[White "Mamut,I"]
[Black "Martini,B"]
[Result "1/2-1/2"]
[WhiteElo "2266"]
[BlackElo "2333"]

1.d4 Nf6 2.c4 g6 3.Nc3 Bg7 4.e4 d6 5.Nf3 O-O 6.Be2 e5 7.Be3 Nbd7 8.O-O c6
9.d5 c5 10.Nd2 Ne8 11.Qc2 Qe7 12.f3 Ndf6 13.g4 Nc7 14.Rf2 Bd7 15.Nf1 a6 16.a4 b5
17.Ng3 Rfb8 18.h4 bxc4 19.Bxc4 Bxg4 20.fxg4 Nxg4 21.Bg5 f6 22.Bc1 Nxf2 23.Qxf2 Rf8
24.Qh2 f5 25.exf5 gxf5 26.Bg5 Qd7 27.Qh3 h6 28.Bd2 Rf7 29.Rf1 Raf8 30.Be2 e4
31.Bh5 Bd4+ 32.Kh1 e3 33.Bxf7+ Rxf7 34.Be1 Ne8 35.Nxf5 Kh7 36.Ne4 Kh8 37.Qg4 Ng7
38.Neg3 e2 39.Rf3 Be5 40.Nxe2 Rxf5 41.Bc3 h5 42.Qe4 Rxf3 43.Qxf3 Qxa4 44.Bxe5 dxe5
45.Kg2 Qxh4 46.Qf8+ Kh7 47.Qxc5 Qg4+ 48.Kf2 h4 49.d6 Qf5+ 50.Kg1 h3 51.Kh2 Qf3
52.Qc2+ Nf5 53.Ng1 Qg3+ 54.Kh1 Qg2+ 55.Qxg2 hxg2+ 56.Kxg2 Nxd6 57.Nf3 e4
58.Ne5 a5 59.Kg3 Kg7 60.Kf4 Kf6 61.Nc6 a4 62.Nd4 Ke7 63.Ne2 Nc4 64.Kxe4 Nxb2
65.Kd4  1/2-1/2

[Event "Acropolis GM Open"]
[Site "Athens GRE"]
[Date "2005.03.11"]
[Round "6"]
[White "Goritsas,C"]
[Black "Komninos,N"]
[Result "1-0"]
[WhiteElo "2244"]
[BlackElo "2163"]

1.d4 Nf6 2.c4 g6 3.Nc3 Bg7 4.e4 d6 5.Nf3 O-O 6.Be2 e5 7.d5 Na6 8.Nd2 Qe8
9.a3 c6 10.b4 cxd5 11.cxd5 Bd7 12.Nc4 Qe7 13.Be3 Ne8 14.Na5 b6 15.Nc6 Bxc6
16.dxc6 Nac7 17.h4 d5 18.Nxd5 Nxd5 19.Qxd5 Nc7 20.Qd7 Bf6 21.Qxe7 Bxe7 22.O-O-O Rfd8
23.h5 Rxd1+ 24.Rxd1 Rd8 25.Rxd8+ Bxd8 26.f4 Ne6 27.fxe5 Bc7 28.hxg6 hxg6
29.Bc4 Nf8 30.Bd5 Bxe5 31.Bg5 Bc7 32.Be7 Ne6 33.Bxe6 fxe6 34.e5  1-0

[Event "Sozina Open"]
[Site "Bar SCG"]
[Date "2005.03.11"]
[Round "8"]
[White "Vukanovic,S"]
[Black "Arsovic,Z"]
[Result "1-0"]
[WhiteElo "2358"]
[BlackElo "2455"]

1.Nf3 Nf6 2.c4 g6 3.Nc3 Bg7 4.e4 d6 5.d4 O-O 6.Be2 Nbd7 7.O-O e5 8.d5 Nc5
9.Qc2 a5 10.Bg5 h6 11.Be3 b6 12.Nd2 Bg4 13.Rae1 Bxe2 14.Rxe2 Ng4 15.Bxc5 bxc5
16.g3 h5 17.f3 Nf6 18.f4 h4 19.Qd3 Nh5 20.f5 hxg3 21.hxg3 Qg5 22.Rg2 Bh6
23.Nd1 Kg7 24.Nf3 Qe7 25.Nf2 Rh8 26.Qc3 a4 27.Ng4 Bg5 28.Nxg5 Qxg5 29.Qf3 Raf8
30.Rgf2 gxf5 31.Qxf5 Qxf5 32.Rxf5 f6 33.Kg2 Kg6 34.R1f2 Rf7 35.Ne3 Rg7 36.Ng4  1-0

[Event "FSGM March"]
[Site "Budapest HUN"]
[Date "2005.03.11"]
[Round "7"]
[White "Berczes,D"]
[Black "Porat,S"]
[Result "1-0"]
[WhiteElo "2313"]
[BlackElo "2395"]

1.d4 Nf6 2.c4 g6 3.Nc3 Bg7 4.e4 d6 5.Nf3 O-O 6.Be2 e5 7.d5 a5 8.Bg5 h6 9.Bh4 Qe8
10.Nd2 Nh7 11.O-O h5 12.f3 Bh6 13.Bf2 Na6 14.b3 Qe7 15.Qc2 f5 16.a3 f4 17.c5 Nxc5
18.b4 Na6 19.Qb3 g5 20.b5 Nb8 21.b6 g4 22.Kh1 g3 23.Bg1 Kh8 24.bxc7 Rg8 25.cxb8=Q Bh3
26.Qxa8 Nf8 27.Bf2 Qh4 28.Rg1 Qg5 29.Qb6 h4 30.Qad8 gxf2 31.Qxg5  1-0

[Event "Acropolis Women's GM Open"]
[Site "Athens GRE"]
[Date "2005.03.12"]
[Round "7"]
[White "Socko,M"]
[Black "Dembo,Y"]
[Result "1/2-1/2"]
[WhiteElo "2441"]
[BlackElo "2395"]

1.d4 Nf6 2.c4 g6 3.Nc3 Bg7 4.e4 d6 5.Nf3 O-O 6.Be2 e5 7.Be3 Ng4 8.Bg5 f6
9.Bc1 Nc6 10.d5 Ne7 11.h3 Nh6 12.h4 Nf7 13.h5 c6 14.hxg6 hxg6 15.Qd3 cxd5
16.cxd5 Bd7 17.Bd2 b5 18.Nh4 Ng5 19.a3 a5 20.Rc1 b4 21.axb4 axb4 22.Nd1 Qb6
23.Be3 Qd8 24.Bd2 Qb6 25.Be3  1/2-1/2

[Event "TCh-SWE Elitserien 2004-5"]
[Site "Malmo SWE"]
[Date "2005.03.12"]
[Round "10"]
[White "Dzevlan,M"]
[Black "Carlsson,D"]
[Result "1/2-1/2"]
[WhiteElo "2382"]
[BlackElo "2298"]

1.d4 Nf6 2.c4 g6 3.Nc3 Bg7 4.e4 O-O 5.Nf3 d6 6.Be2 e5 7.Be3 h6 8.O-O Ng4
9.Bc1 Nc6 10.dxe5 Ngxe5 11.Be3 Nxf3+ 12.Bxf3 Be6 13.Be2 Re8 14.Qd2 Kh7 15.Nd5 Ne5
16.Rac1 c5 17.b4 b6 18.b5 Bxd5 19.Qxd5 Qe7 20.Rcd1 Rad8 21.g4 h5 22.h3 Bh6
23.Bxh6 Kxh6 24.Qd2+ Kg7 25.f4 Nd7 26.Bf3 Nf8 27.Qc3+ Kg8 28.e5 dxe5 29.Bc6 Rxd1
30.Rxd1 Rd8 31.Rxd8 Qxd8 32.Qxe5 Qd1+ 33.Kh2 Qd4 34.Bd5 Qxe5 35.fxe5 g5 36.Kg3 Ng6
37.e6 fxe6 38.Bxe6+ Kg7 39.Kf3 Kf6 40.Bg8 Nf4 41.h4 Ng6 42.hxg5+ Kxg5 43.gxh5 Ne7
44.Bh7 Nf5  1/2-1/2

[Event "Open"]
[Site "Blackpool ENG"]
[Date "2005.03.13"]
[Round "5"]
[White "Morrison,G SCO"]
[Black "Trent,L"]
[Result "1/2-1/2"]
[WhiteElo "2305"]
[BlackElo "2387"]

1.Nf3 Nf6 2.c4 g6 3.Nc3 Bg7 4.e4 d6 5.d4 O-O 6.Be2 e5 7.O-O Na6 8.Be3 Ng4
9.Bg5 Qe8 10.dxe5 dxe5 11.h3 h6 12.Bd2 Nf6 13.Be3 Qe7 14.Nd5 Qd8 15.Qc2 c6
16.Nxf6+ Qxf6 17.Rad1 Qe7 18.c5 Nc7 19.Bc4 Be6 20.Bxe6 Qxe6 21.b3 Rfd8 22.Rxd8+ Rxd8
23.Rd1 Rxd1+ 24.Qxd1 Nb5 25.Qd2 Kh7 26.a4 Nd4 27.Nxd4 exd4 28.Bxd4 Qxb3 29.Bxg7 Kxg7
30.Qd4+ Kh7 31.Kh2 b6 32.Qd7 bxc5 33.Qxa7 Kg7 34.a5 c4 35.a6 c3 36.Qc5 c2
37.Qxc6 Qb2 38.a7 c1=Q 39.Qxc1 Qxc1 40.a8=Q Qf4+  1/2-1/2

[Event "Tch-FIN 2004-5"]
[Site "Finland FIN"]
[Date "2005.03.13"]
[Round "9"]
[White "Maki Uuro,Mi"]
[Black "Nouro,M"]
[Result "0-1"]
[WhiteElo "2397"]
[BlackElo "2341"]

1.Nf3 Nf6 2.c4 g6 3.Nc3 Bg7 4.e4 d6 5.d4 O-O 6.Be2 e5 7.d5 a5 8.Bg5 Na6 9.Nd2 Qe8
10.O-O h5 11.a3 Bd7 12.Kh1 Nh7 13.Be3 h4 14.h3 f5 15.exf5 gxf5 16.f4 e4 17.Rc1 Kh8
18.Nb3 b6 19.Nd4 Rg8 20.Bh5 Qf8 21.Ne6 Bxe6 22.dxe6 Qf6 23.Bf7 Rgf8 24.Rc2 Rxf7
25.exf7 Qxf7 26.Qd5 Rf8 27.Qxf7 Rxf7 28.Nd5 Nf6 29.Bf2 Nxd5 30.cxd5 Bf6 31.Be1 Nc5
32.Bc3 a4 33.Bxf6+ Rxf6 34.Kg1 Rg6 35.Rc3 Kg7 36.Kf2 Kf6 37.Rd1 Rg7 38.Rd2 e3+
39.Rxe3 Ne4+ 40.Rxe4 fxe4 41.Rd4 Kf5 42.Rxa4 Kxf4 43.Ra8 e3+ 44.Kf1 Ke4 45.Re8+ Kd3
46.Rf8 Kd2  0-1

[Event "TCh-SWE Elitserien 2004-5"]
[Site "Malmo SWE"]
[Date "2005.03.13"]
[Round "11"]
[White "Hellborg,T"]
[Black "Borvander,T"]
[Result "1/2-1/2"]
[WhiteElo "2240"]
[BlackElo "2176"]

1.d4 Nf6 2.c4 g6 3.Nc3 Bg7 4.e4 d6 5.Be2 O-O 6.Nf3 Nbd7 7.O-O e5 8.Re1 c6
9.Bf1 exd4 10.Nxd4 Re8 11.Rb1 Nc5 12.f3 a5 13.Be3 a4 14.Qd2 Nfd7 15.Red1 Qe7
16.Kh1 Ne5 17.h3 f6 18.Re1 Be6 19.Nxe6 Qxe6 20.b3 axb3 21.axb3 Nf7 22.Qc2 Qe7
23.b4 Ne6 24.Ra1 Rxa1 25.Rxa1 f5 26.exf5 gxf5 27.Bf2 Qf6 28.Ra3 Ne5 29.Ne2 Bh6
30.Ra7 Re7 31.Ra8+ Kf7 32.Ng3 Ng7 33.Ne2 Ne6 34.Ng3 Ng7  1/2-1/2

[Event "ch-Privolzhsky Region"]
[Site "Ishevsk RUS"]
[Date "2005.03.16"]
[Round "1"]
[White "Dudukin,Ilya"]
[Black "Uraev,I"]
[Result "1-0"]
[WhiteElo "2413"]
[BlackElo "2152"]

1.Nf3 Nf6 2.c4 g6 3.Nc3 Bg7 4.e4 O-O 5.d4 d6 6.Be2 e5 7.dxe5 dxe5 8.Qxd8 Rxd8
9.Bg5 Re8 10.O-O-O h6 11.Bh4 Bg4 12.Nd5 Nxd5 13.cxd5 Nd7 14.Ng1 Bxe2 15.Nxe2 Nc5
16.Nc3 a5 17.Kb1 g5 18.Bg3 a4 19.f3 Ra5 20.Rd2 Bf8 21.Nd1 Na6 22.Ne3 Rb5
23.h4 f6 24.Nf5 Rd8 25.Bf2 Rd7 26.g4 Nc5 27.Be3 b6 28.Rdh2 Kf7 29.hxg5 hxg5
30.Rh8 Ke8 31.Rg8 Nd3 32.Kc2 Nb4+ 33.Kd1 Rf7 34.a3 Nd3 35.Ke2 Nxb2 36.Rhh8 Nc4
37.Bc1 Kd7 38.Nh6 Rg7 39.Rxf8 Nd6 40.Rd8+ Ke7 41.Rhf8 Rc5 42.Kd1 Rc3 43.Bd2 Rxf3
44.Bb4 b5 45.Rfe8+  1-0

[Event "ch-Privolzhsky Region"]
[Site "Ishevsk RUS"]
[Date "2005.03.16"]
[Round "1"]
[White "Iliushkin,E"]
[Black "Voitsekhovsky,S"]
[Result "1/2-1/2"]
[WhiteElo "2312"]
[BlackElo "2511"]

1.d4 Nf6 2.c4 g6 3.Nc3 Bg7 4.e4 O-O 5.Nf3 d6 6.Be2 e5 7.dxe5 dxe5 8.Qxd8 Rxd8
9.Nd5 Nxd5 10.cxd5 c6 11.Bc4 b5 12.Bb3 Bb7 13.Bg5 Rd7 14.Rc1 a5 15.Ke2 a4
16.dxc6 Nxc6 17.Bd5 Na5 18.Bxb7 Rxb7 19.Rhd1 f6 20.Be3 Bf8 21.Rd5 Nc4 22.Rc2 a3
23.b3 Na5 24.Rc1 Ra6 25.Ne1 Rc6 26.Rxc6 Nxc6 27.Nc2 Kf7 28.Bc5 Bxc5 29.Rxc5 Rb6
30.b4 Nd8 31.Rc7+ Ke6 32.Rxh7 Nf7 33.Rh3 Nd6 34.Re3 Rc6 35.Kd1 Nc4 36.Re2 Ra6
37.Ne3 Nxe3+ 38.Rxe3 Ra4 39.Rb3 f5 40.f3 Kf6 41.Ke2 fxe4 42.fxe4 Kg5 43.Kf3 Kh4
44.h3 Ra8 45.Kf2 Rc8 46.Rxa3 Rc4 47.Kf3 Rxb4 48.Rb3 Ra4 49.a3 g5 50.Kf2 g4
51.hxg4 Kxg4 52.Rxb5 Rxa3 53.Rxe5 Kf4 54.Re8 Ra2+ 55.Kg1 Kg3 56.Kf1 Rf2+
57.Ke1 Ra2 58.e5 Kxg2 59.e6 Kf3 60.e7 Ke3 61.Rd8 Ra1+ 62.Rd1 Ra8  1/2-1/2

[Event "ch-Privolzhsky Region"]
[Site "Ishevsk RUS"]
[Date "2005.03.17"]
[Round "2"]
[White "Malin,D"]
[Black "Verdnikov,V"]
[Result "0-1"]
[WhiteElo "2053"]
[BlackElo "2220"]

1.d4 Nf6 2.c4 g6 3.Nc3 Bg7 4.e4 d6 5.Nf3 O-O 6.Be2 e5 7.O-O Nbd7 8.dxe5 dxe5
9.Qc2 c6 10.Rd1 Qc7 11.Be3 Re8 12.Nd2 Nf8 13.f3 Ne6 14.Nb3 Nd7 15.Rac1 Bf8
16.Qd2 Ndc5 17.Na1 a5 18.Qe1 a4 19.b4 axb3 20.axb3 Nd4 21.b4 Na6 22.b5 Nc5
23.Qf2 Nce6 24.Kh1 Ra3 25.Bf1 Bc5 26.Qb2 Qa5 27.Bd2 Qa7 28.Ne2 Nxe2 29.Bxe2 Bd4
30.Qb4 Rxa1 31.b6 Qa2 32.Rxa1 Bxa1 33.Bd3 Bd4 34.Bc3 Bc5  0-1

[Event "ch-Privolzhsky Region"]
[Site "Ishevsk RUS"]
[Date "2005.03.18"]
[Round "3"]
[White "Dudukin,Ilya"]
[Black "Yuminov,M"]
[Result "1-0"]
[WhiteElo "2413"]
[BlackElo "2209"]

1.Nf3 g6 2.c4 Bg7 3.d4 Nf6 4.Nc3 O-O 5.e4 d6 6.Be2 Nbd7 7.O-O e5 8.Qc2 exd4
9.Nxd4 Nc5 10.Rd1 Re8 11.f3 a5 12.Ndb5 Bd7 13.Be3 Bxb5 14.cxb5 b6 15.Rac1 Qe7
16.b3 Rad8 17.Bg5 Qe5 18.f4 Qe6 19.Bc4 Qg4 20.Rf1 h6 21.h3 Qd7 22.Bh4 Nfxe4
23.Nxe4 Nxe4 24.Bxd8 Bd4+ 25.Kh2 Qxd8 26.Bd5 Nf6 27.Qxg6+  1-0